MARC

LEADER 00000nam0a2200000 4500
001 271151
005 20231101234417.0
035 |a (RuTPU)RU\TPU\book\294332 
090 |a 271151 
100 |a 20141006d1987 km y0rusy50 ca 
101 0 |a rus 
102 |a RU 
105 |a a z 000zb 
200 1 |a Путь к вершине. Страницы жизни А. М. Коллонтай  |f З. Шейнио 
205 |a 2-е изд., дораб. и доп. 
210 |a Москва  |c Советская Россия  |d 1987 
215 |a 304 с.  |c ил. 
600 1 |a Коллонтай  |b А. М.  |c урожденная Домонтович  |c российский дипломат  |f 1872-1952  |g Александра Михайловна  |2 stltpush  |3 (RuTPU)RU\TPU\pers\12467  |9 3474 
606 1 |a Персоналии деятелей КПСС  |x История  |2 stltpush  |3 (RuTPU)RU\TPU\subj\48642  |9 67493 
610 1 |a Коммунистическая партия Советского Союза 
610 1 |a партийные деятели 
610 1 |a СССР 
610 1 |a 20 век 
610 1 |a политические деятели 
610 1 |a государственные деятели 
610 1 |a биографии 
686 |a Ф61(2)8  |v LBC/SL-A  |2 rubbk 
700 1 |a Шейнио  |b З.  |g Зиновий Савельевич 
801 1 |a RU  |b 63413507  |c 20141006 
801 2 |a RU  |b 63413507  |c 20161208  |g RCR 
942 |c BK